LEADER 01028naa a2200241 u 4500 001 000000103226 003 CaOOAMICUS 005 20070226130215.0 008 061102s1966 gw u000 u ger u 035 $a11105166 040 $aIAR$bita 100 1 $aTheiler, Willy,$d1899-$0(OLS)http://pul/name/21838 245 10$aPorphyrios und Augustin /$cWilly Theiler. 260 $aBerlin :$bWalter de Gruyter,$c1966. 300 $ap. 160-251 ;$c25 cm 500 $aIAR: CFA.49 500 $aErstveröffentlichung: Schriften der Königsberger Gelehrten Gesellschaft, Geistesw.Kl. 10, 1933. 600 04$aPorphyrius Tyrius,$d232/233-305?.$0(OLS)http://pul/subject/8122 600 04$aAugustinus,$cs., vesc. d'Ippona,$d354-430$xInfluenza.$0(OLS)http://pul/subject/14623 773 0 $aForschungen zum Neuplatonismus. 773 0 $aTheiler, Willy.$tForschungen zum Neuplatonismus$gBd. 10$w()26550 996 $6245$aPorphyrios und Augustin$9(OLS)http://pul/title/130133 996 $6260$aBerlin :$bWalter de Gruyter$9(OLS)http://pul/publisher/48231 LEADER 01730nam a2200397 u 4500 001 000000112683 003 CaOOAMICUS 005 20220408123702.0 008 080715s2008 mnu u000 u eng r 020 $z978-0-08146-5915-1 (v. 1)* 020 $z978-0-08146-5916-8 (v. 2)* 020 $z978-0-08146-5917-5 (v. 3)* 032 $aLibriCat 040 $aPUL$bita$dLDB 041 1 $aeng$hita 130 0 $aStoria della teologia.$lInglese.$0(OLS)http://pul/title/216526 245 00$aHistory of theology. 260 $aCollegeville, Min. :$bLiturgical Press,$c2008. 300 $av. ;$c25 cm 490 1 $aMichael Grazier book 504 $aContiene indicazioni bibliografiche. 505 1 $av. 2 The Middle Ages / Giulio D'Onofrio ; translated by Matthew O'Connell 650 4$aTeologia$xStoria.$0(OLS)http://pul/subject/3280 700 1 $aDi Berardino, Angelo,$cO.S.A.,$d1936-$0(OLS)http://pul/name/5303 700 1 $aD'Onofrio, Giulio,$d1953-$0(OLS)http://pul/name/285 700 1 $aStuder, Basil,$cO.S.B.,$d1925-$0(OLS)http://pul/name/10073 830 0$aMichael Grazier book.$0(OLS)http://pul/title/141645 850 $aPUL 852 $aPUL$W1$xSL Religione 3$y85$m230. 09 DONGI 1$j128894$qDDC 21$q$av. 2$B127871$CPULBib$Z2$F127871 $H107910 $81 941 1 $a9 996 $6020$z978-0-08146-5915-1 (v. 1)*$9(OLS)http://pul/number/138447 996 $6020$z978-0-08146-5916-8 (v. 2)*$9(OLS)http://pul/number/138448 996 $6020$z978-0-08146-5917-5 (v. 3)*$9(OLS)http://pul/number/138449 996 $6245$aHistory of theology$9(OLS)http://pul/title/141644 996 $6260$aCollegeville, Min. :$bLiturgical Press$9(OLS)http://pul/publisher/67370